Hodnota politickej vízie

Bibliographic Details
Main Author: , 1937-2026 (Author)
Format: Article
Language:Slovak

MARC

LEADER 00000nab a2200000uu 4500
001 vtls010899829
003 SK-MaSNL
005 20260422204155.0
008 230222|1997 xo |||||||||||||||||slo|
015 |a SNBRB 
035 |a (urnnbn)urn:nbn:sk:snk:ar-a07jva 
035 |a (uuid)765cc473-9a82-472e-94de-268e61147aa9 
035 |a urn:nbn:sk:snk-ab8rp4 
040 |a SNKBUCL  |b slo  |c SNKBUCL  |e AACR2 
041 0 |a slo 
044 |a xo  |c SK 
100 1 |a ,  |d 1937-2026  |4 aut  |9 216524 
245 1 0 |a Hodnota politickej vízie  |c Rita Süssmuthová 
773 0 |t Slovo : almanach vedeckých úvah a umeleckých aktivít  |g Č. 3 (1997), s. 58-61 
954 |a odborná, vedecká literatúra pôvodná (slovenská)  |2 lita 
958 |a OND 
958 |a EUIPO 
958 |a article10 
999 |c 1977270  |d 1979200